Rural sociology in India (Record no. 180)

MARC details
000 -LEADER
fixed length control field 00543cam a2200217ua 4500
001 - CONTROL NUMBER
control field 211
005 - DATE AND TIME OF LATEST TRANSACTION
control field 20260515113133.0
008 - FIXED-LENGTH DATA ELEMENTS--GENERAL INFORMATION
fixed length control field 110324n ii |||gr||||Z||||||eng
020 ## - INTERNATIONAL STANDARD BOOK NUMBER
International Standard Book Number 81-7154-154-2
040 ## - CATALOGING SOURCE
Transcribing agency MAIN
082 ## - DEWEY DECIMAL CLASSIFICATION NUMBER
Classification number 301.0954
245 1# - TITLE STATEMENT
Title Rural sociology in India
Statement of responsibility, etc. by A. R. Desai
250 ## - EDITION STATEMENT
Edition statement 5th.
260 ## - PUBLICATION, DISTRIBUTION, ETC.
Place of publication, distribution, etc. Bombay:
Name of publisher, distributor, etc. Popular prakashan,
Date of publication, distribution, etc. 2000.
300 ## - PHYSICAL DESCRIPTION
Extent xx, 968p.:
Dimensions 35cm.
653 ## - INDEX TERM--UNCONTROLLED
Uncontrolled term Sociology
653 ## - INDEX TERM--UNCONTROLLED
Uncontrolled term Rural sociology
653 ## - INDEX TERM--UNCONTROLLED
Uncontrolled term Rural sociology in India
700 1# - ADDED ENTRY--PERSONAL NAME
Personal name Desai, A. R.,
Relator term Author.
942 ## - ADDED ENTRY ELEMENTS (KOHA)
Koha item type Books
Holdings
Withdrawn status Lost status Damaged status Not for loan Home library Current library Shelving location Date acquired Total checkouts Full call number Barcode Date last seen Date last checked out Copy number Price effective from Koha item type
        Naharkatiya College Library Naharkatiya College Library General stacks 09/19/2020 1 301.0954 | DES 2085 08/11/2021 07/23/2021 1 09/19/2020 Books